Text book of hydraulic machines (Record no. 10732)

000 -LEADER
fixed length control field 00441nam a22001817a 4500
001 - CONTROL NUMBER
control field 10732
003 - CONTROL NUMBER IDENTIFIER
control field BD-DhUET
008 - FIXED-LENGTH DATA ELEMENTS--GENERAL INFORMATION
fixed length control field 150209b xxu||||| |||| 00| 0 eng d
040 ## - CATALOGING SOURCE
Transcribing agency 0
Modifying agency BD-DhUET
082 ## - DEWEY DECIMAL CLASSIFICATION NUMBER
Classification number 621.2
Item number KHU/1985
100 ## - MAIN ENTRY--PERSONAL NAME
Personal name Khurmi, R. S.
245 ## - TITLE STATEMENT
Title Text book of hydraulic machines
250 ## - EDITION STATEMENT
Edition statement 14th ed.
260 ## - PUBLICATION, DISTRIBUTION, ETC. (IMPRINT)
Place of publication, distribution, etc. New Delhi
Name of publisher, distributor, etc. S. Chand
Date of publication, distribution, etc. 1985
300 ## - PHYSICAL DESCRIPTION
Extent vii, v.p.
Other physical details ill.
650 #0 - SUBJECT ADDED ENTRY--TOPICAL TERM
Topical term or geographic name as entry element Hydraulic Machines
942 ## - ADDED ENTRY ELEMENTS (KOHA)
Koha item type General Book
Holdings
Damaged status Lost status Koha full call number Not for loan Copy number Shelving location Source of classification or shelving scheme Piece designation (barcode) Withdrawn status Koha item type Koha date last seen Date acquired Sublocation or collection (holding branch) Koha normalized classification for sorting Price effective from Location (home branch)
  621.2/KHU/1985 1Circulation section 64129 General Book2015-02-092015-02-09Central Library, BUET621_200000000000000_KHU_19852015-02-09Central Library, BUET
  621.2/KHU/1985 2Circulation section 64154 General Book2015-02-092015-02-09Central Library, BUET621_200000000000000_KHU_19852015-02-09Central Library, BUET
  621.2/KHU/1985 3Circulation section 64142 General Book2015-02-092015-02-09Central Library, BUET621_200000000000000_KHU_19852015-02-09Central Library, BUET
  621.2/KHU/1985 4Circulation section 56685 General Book2015-02-092015-02-09Central Library, BUET621_200000000000000_KHU_19852015-02-09Central Library, BUET
  621.2/KHU/1985 5Circulation section 64155 General Book2015-06-222015-02-09Central Library, BUET621_200000000000000_KHU_19852015-02-09Central Library, BUET
  621.2/KHU/1985 6Circulation section 64132 General Book2015-02-092015-02-09Central Library, BUET621_200000000000000_KHU_19852015-02-09Central Library, BUET
  621.2/KHU/1985 7Circulation section 64136 General Book2015-02-092015-02-09Central Library, BUET621_200000000000000_KHU_19852015-02-09Central Library, BUET
  621.2/KHU/1985 8Circulation section 64153 General Book2015-02-092015-02-09Central Library, BUET621_200000000000000_KHU_19852015-02-09Central Library, BUET
  621.2/KHU/1985 9Circulation section 64134 General Book2015-02-092015-02-09Central Library, BUET621_200000000000000_KHU_19852015-02-09Central Library, BUET
  621.2/KHU/1985 10Circulation section 64150 General Book2015-02-092015-02-09Central Library, BUET621_200000000000000_KHU_19852015-02-09Central Library, BUET
  621.2/KHU/1985 11Circulation section 64137 General Book2015-02-092015-02-09Central Library, BUET621_200000000000000_KHU_19852015-02-09Central Library, BUET
  621.2/KHU/1985 12Circulation section 64139 General Book2015-02-092015-02-09Central Library, BUET621_200000000000000_KHU_19852015-02-09Central Library, BUET